000 00745nam a2200193 a 4500
001 000040233
005 20201002034011.0
008 130819s1969 sp 000 0 spa d
040 _aDO-SdBNP
_bspa
_cBNPHU
100 1 _aMolina, Tirso, de
_966495
245 1 0 _aTirso de Molina :
_bcomedia 1 /
_cTirso de Molina ; edición prólogo y notas de Américo Castro.
260 _aMadrid :
_bEspasa-Calpe,
_c1969.
300 _a259 p. ;
_c21 cm.
490 1 _aClásicos castellanos
_v2
504 _aIncluye referencias bibliográficas y notas al pie de las páginas
505 0 _aComedias 1
_tEl vergonzoso en palacio --
_tEl burlador de Sevilla y convidado de piedra --
700 1 _aCastro, Américo
_966496
830 0 _aClásicos castellanos
_v2
_94180
999 _c39723
_d39723